Szczegóły MARC21

NUTS - Nomenklatura Jednostek Terytorialnych do Celów Statystycznych /

003 -Nazwa inst., której nr kontr. jest w polu 001 [,]
    • @
    • Nazwa instytucji, której n kontrolny jest w polu 001
    • NUKAT
005 -DATA I CZAS OSTATNIEJ MODYFIKACJI [,]
    • @
    • pole kontrolne
    • 20241231114955.0
020 -Międzynarod. znormalizowany nr książki - ISBN [ , ]
    • a
    • Numer ISBN
    • 8387174378 Find
040 -Instytucja sporządzająca opis [ , ]
    • a
    • Instytucja, która sporządziła opis (NP)
    • WR U/mt
    • c
    • Instytucja, która sporządziła rekord (NP)
    • WR U/mt
    • d
    • Instytucja, która zmodyfikowała rekord (P)
    • WR U/dl
    • d
    • Instytucja, która zmodyfikowała rekord (P)
    • WR U/JHs
    • d
    • Instytucja, która zmodyfikowała rekord (P)
    • GD PAN/EC
942 -Rodzaj dokumentu [ , ]
    • c
    • Rodzaj dokumentu
    • Książka
100 -Hasło główne - nazwa osobowa [1, ]
    • a
    • Nazwa osobowa (NP)
    • Żebrowska, Joanna.
    • 9
    • KHW
    • 548062
245 -Strefa tytułu i oznaczenia odpowiedzialności [1,0]
    • a
    • Tytuł
    • NUTS - Nomenklatura Jednostek Terytorialnych do Celów Statystycznych / Find
    • c
    • Pozostałe elementy strefy tytułu i oznaczenia odpowiedzialności (NP)
    • Joanna Żebrowska-Cielek ; Polska Agencja Rozwoju Regionalnego.
246 -Wariant tytułu [3,0]
    • a
    • Tytuł (NP)
    • Nomenklatura Jednostek Terytorialnych do Celów Statystycznych
246 -Wariant tytułu [3, ]
    • a
    • Tytuł (NP)
    • Nomenclature des Unités Territoriales pour des besoins Statiques
260 -Strefa adresu wydawniczego [ , ]
    • a
    • Miejsce wydania (P)
    • Warszawa :
    • b
    • Nazwa wydawcy (P)
    • PARR ;
    • a
    • Miejsce wydania (P)
    • Radom :
    • b
    • Nazwa wydawcy (P)
    • Instytut Technologii Eksploatacji,
    • c
    • Data wydania (P)
    • 2001.
300 -Strefa opisu fizycznego [ , ]
    • a
    • Określenie formy książki i/lub objętość (NP)
    • 24 s. :
    • b
    • Oznaczenie ilustracji (NP)
    • il. ;
    • c
    • Format (NP)
    • 24 cm.
336 -Typ zawartości [ , ]
    • a
    • Termin opisujący typ zawartości
    • Tekst
    • b
    • Kod określający zawartość
    • txt
    • 2
    • Źródło (terminu i kodu)
    • rdacontent
337 -Typ mediów [ , ]
    • a
    • Tryb odtwarzania
    • Bez urządzenia pośredniczącego
    • b
    • Kod typu mediów
    • n
    • 2
    • Źródło (terminu i kodu)
    • rdamedia
338 -Typ/rodzaj nośnika [ , ]
    • a
    • Hasło opisujące typ nośnika
    • Wolumin
    • b
    • Kod typu nośnika
    • nc
    • 2
    • Źródło (terminu i kodu)
    • rdacarrier
504 -Uwaga dot. bibliogr. załącznikowej [ , ]
    • a
    • Uwaga dot. bibliografii załącznikowej
    • Bibliogr. s. 23.
080 -Uniwersalna Klasyfikacja Dziesiętna [ , ]
    • a
    • Symbol klasyfikacji
    • 332.1(438:4-67)
080 -Uniwersalna Klasyfikacja Dziesiętna [ , ]
    • a
    • Symbol klasyfikacji
    • +339.92(4-67)
080 -Uniwersalna Klasyfikacja Dziesiętna [ , ]
    • a
    • Symbol klasyfikacji
    • :311
651 -Hasło przedmiotowe w formie nazwy geograficznej [ ,7]
    • a
    • Nazwa geograficzna
    • Kraje Unii Europejskiej
    • x
    • Określnik rzeczowy
    • podział polityczny i administracyjny
    • x
    • Określnik rzeczowy
    • metody statystyczne.
    • 2
    • Źródło terminu
    • kaba
    • 9
    • KHW
    • 548242
980 -Symbol UKD [ , ]
    • a
    • UKD
    • 332.1(438:4-67)+339.92(4-67):311
710 -Hasło dodatkowe - nazwa ciała zbiorowego [2, ]
    • a
    • Nazwa ciała zbiorowego lub nazwa geograficzna jako pierwszy element (NP)
    • Instytut Technologii Eksploatacji (Radom).
    • 4
    • Kod relacji
    • pbl
    • 9
    • KHW
    • 21323
710 -Hasło dodatkowe - nazwa ciała zbiorowego [2, ]
    • a
    • Nazwa ciała zbiorowego lub nazwa geograficzna jako pierwszy element (NP)
    • Polska Agencja Rozwoju Regionalnego.
    • 4
    • Kod relacji
    • pbl
    • 9
    • KHW
    • 248584
920 -ISBN [ , ]
    • a
    • ISBN
    • 83-87174-37-8 Find
Lokalizacja Data inwentaryzacji Status udost. Numer inwentarzowy
BE2004-07-07-2S.91234